| 000 | 01194nam a2200313 a 4500 | ||
|---|---|---|---|
| 003 | OSt | ||
| 005 | 20250610103544.0 | ||
| 008 | |||
| 020 | _a9781444176032 (paperback) | ||
| 040 |
_aNUST _cNUST _beng _dNUST _erda |
||
| 050 | _aRS57 TUR | ||
| 100 | 1 |
_aTurnbull, James., _aauthor. |
|
| 245 | 1 | 0 |
_aClinical pharmacology and practical prescribing on the move/ _c James Turnbull & Matthew Tate editorial advisor Peter Jackson. |
| 260 |
_aBoca Raton : _bCRC Press, _c2016. |
||
| 300 |
_axvii, 352 pages : _bcolour illustrations ; _c22 cm. |
||
| 336 |
_atext _btxt _2rdacontent |
||
| 337 |
_aunmediated _bn _2rdamedia |
||
| 338 |
_avolume _bnc _2rdacarrier |
||
| 650 | 1 |
_aPharmacology, Clinical _xExamination Questions. |
|
| 650 |
_aPharmacology, Clinical _xOutlines. |
||
| 650 |
_aDrug prescriptions _xExamination Questions. |
||
| 650 |
_aDrug prescriptions _xOutlines. |
||
| 650 |
_aPharmaceutical Preparations _xExamination Questions. |
||
| 650 |
_aPharmaceutical Preparations _xOutlines. |
||
| 700 |
_aTate, Matthew., _aauthor. |
||
| 700 |
_aJackson, Peter., _aeditor. |
||
| 907 |
_a.b1041163x _b28-10-21 _c28-10-21 |
||
| 942 |
_cBOOKS _kRS57 _mTUR _2ddc |
||
| 999 |
_c121370 _d121370 |
||